| 000 | 00502nam a2200193Ia 4500 | ||
|---|---|---|---|
| 005 | 20140405091755.0 | ||
| 008 | 140130s9999 xx 000 0 und d | ||
| 020 | _a9780439350839 | ||
| 050 |
_aPZ 8 _b.L443El 2002 |
||
| 100 |
_aLeber, Nancy. _931063 |
||
| 245 |
_cNancy Leber. _aThe elves and the shoemaker / |
||
| 260 |
_bScholastic Inc, _c2002. _aUSA : |
||
| 300 |
_a16 p. : _bill. col. ; _c18 cm. |
||
| 440 |
_v1 _931064 |
||
| 521 | _aG1 | ||
| 526 | _c200 | ||
| 942 |
_cBK _2lcc |
||
| 999 |
_c41563 _d41563 |
||